| 000 | 00618nam a22001937a 4500 | ||
|---|---|---|---|
| 999 |
_c19671 _d19671 |
||
| 005 | 20191224042329.0 | ||
| 008 | 170616b ck ||||| |||| 00| 0 spa d | ||
| 040 |
_aCO-BoIAVH _cCO-BoIAVH |
||
| 041 | _aspa | ||
| 044 | _ack | ||
| 090 |
_aFG- _b0240 |
||
| 100 | 1 |
_aVélez, Germán _eautor |
|
| 245 | 1 | 0 | _aLos cultivos transgénicos destruyen la biodiversidad y la soberanía alimentaria |
| 260 |
_aBogotá: _bGrupo Semillas, _c2009. |
||
| 300 |
_a20 páginas: _bilustraciones a color, _c28 x 21 cm |
||
| 650 | 1 | _aSoberanía alimentaria | |
| 650 | 1 | _aCultivos transgénicos | |
| 942 |
_2z _cFolleto |
||